000
00258nam a22001217a 4500
040
_c
SK
082
_a
630
100
_a
NA
245
_a
Annual report on food agriculture and rural areas in japan
260
_a
JAPAN
_b
NA
_c
2002
300
_a
57p.
942
_c
EK
999
_c
9976
_d
9976